Online katalóg knižníc regiónu Turca

Duchovia (Record no. 20706)

MARC details
000 -LEADER
fixed length control field 01929cam a2200517 a 4500
001 - CONTROL NUMBER
control field 20706
003 - CONTROL NUMBER IDENTIFIER
control field VRT
005 - DATE AND TIME OF LATEST TRANSACTION
control field 20260130114254.0
008 - FIXED-LENGTH DATA ELEMENTS--GENERAL INFORMATION
fixed length control field 240322s1996 xo gr 000 f slo
015 ## - NATIONAL BIBLIOGRAPHY NUMBER
National bibliography number SNBA1997/0501448
020 ## - INTERNATIONAL STANDARD BOOK NUMBER
International Standard Book Number 8022007129
Qualifying information (viazané)
035 ## - SYSTEM CONTROL NUMBER
System control number SNK000170694
039 #9 - LEVEL OF BIBLIOGRAPHIC CONTROL AND CODING DETAIL [OBSOLETE]
Level of rules in bibliographic description 202403221342
Level of effort used to assign nonsubject heading access points VLOAD
Level of effort used to assign subject headings 202402261941
Level of effort used to assign classification VLOAD
Level of effort used to assign subject headings 202302171029
Level of effort used to assign classification msnk116
Level of effort used to assign subject headings 202302171027
Level of effort used to assign classification msnk116
040 ## - CATALOGING SOURCE
Original cataloging agency SNK
Language of cataloging slo
Transcribing agency SNK
Description conventions AACR2
041 1# - LANGUAGE CODE
Language code of text/sound track or separate title slo
Language code of original eng
044 ## - COUNTRY OF PUBLISHING/PRODUCING ENTITY CODE
MARC country code xo
ISO country code SK
072 #7 - SUBJECT CATEGORY CODE
Subject category code 821.111(73)-3
Subject category code subdivision Americká próza
Source konspekt
080 ## - UNIVERSAL DECIMAL CLASSIFICATION NUMBER
Universal Decimal Classification number 821.111(73)-31
Edition identifier 2011
080 ## - UNIVERSAL DECIMAL CLASSIFICATION NUMBER
Universal Decimal Classification number (0:82-312.4)
Edition identifier 2011
100 1# - MAIN ENTRY--PERSONAL NAME
Personal name McBain, Ed,
Dates associated with a name 1926-2005
Relationship aut
240 10 - UNIFORM TITLE
Uniform title Ghosts
Language of a work Slovensky
245 10 - TITLE STATEMENT
Title Duchovia
Statement of responsibility, etc. Ed McBain ; [z anglického originálu preložila Zuzana Vilikovská]
250 ## - EDITION STATEMENT
Edition statement 1. vydanie
260 ## - PUBLICATION, DISTRIBUTION, ETC.
Place of publication, distribution, etc. Bratislava
Name of publisher, distributor, etc. Slovenský spisovateľ
Date of publication, distribution, etc. c1996
300 ## - PHYSICAL DESCRIPTION
Extent 163 s.
Dimensions 21 cm
490 1# - SERIES STATEMENT
Series statement Zelená knižnica
500 ## - GENERAL NOTE
General note Údaj o preklade prevzatý z rubu titulnej strany
655 #7 - INDEX TERM--GENRE/FORM
Genre/form data or focus term American novels
Source of term SNKPHeng
655 #7 - INDEX TERM--GENRE/FORM
Genre/form data or focus term americké romány
Source of term SNKPH
655 #7 - INDEX TERM--GENRE/FORM
Genre/form data or focus term detektívne romány
Source of term SNKPH
655 #7 - INDEX TERM--GENRE/FORM
Genre/form data or focus term Detective novels
Source of term SNKPHeng
700 1# - ADDED ENTRY--PERSONAL NAME
Personal name Vilikovská, Zuzana
Relationship trl
830 #0 - SERIES ADDED ENTRY--UNIFORM TITLE
Uniform title Zelená knižnica
910 ## - USER-OPTION DATA (OCLC)
User-option data snk
911 ## - EQUIVALENCE OR CROSS-REFERENCE-CONFERENCE OR MEETING NAME [LOCAL, CANADA]
Meeting name or jurisdiction name as entry element KN 1997/05
Number [OBSOLETE] 01448
942 ## - ADDED ENTRY ELEMENTS (KOHA)
Source of classification or shelving scheme Dewey Decimal Classification
Koha item type Krásna literatúra pre dospelých
Suppress in OPAC No
949 ## - LOCAL PROCESSING INFORMATION (OCLC)
6 273K0229519
a svkpoA 169094
b svkpo420619
949 ## - LOCAL PROCESSING INFORMATION (OCLC)
6 270001000046541
a svkbbA 92498
b svkbbm 606273
949 ## - LOCAL PROCESSING INFORMATION (OCLC)
a snkC 22
b snk41/970115
949 ## - LOCAL PROCESSING INFORMATION (OCLC)
6 17A0028316
a snkSC 91979
b snkKSP 177/97
s 6100:20230227
-- 6101:20151012
949 ## - LOCAL PROCESSING INFORMATION (OCLC)
6 17A0028315
a snkSC 91979 D1
b snkKSP 178/97
949 ## - LOCAL PROCESSING INFORMATION (OCLC)
6 0174015891
a leskn 11316
b lesknBOD9079
o [DE] <BD>
s 6720:20190911
949 ## - LOCAL PROCESSING INFORMATION (OCLC)
6 0174015892
a leskn 11316
b lesknBOD9080
o [DE] <BD>
q Kniha do skladu.
949 ## - LOCAL PROCESSING INFORMATION (OCLC)
6 0174015893
a leskn 11316
b lesknBOD9081
o [DE] <BD>
s 6720:20190911
949 ## - LOCAL PROCESSING INFORMATION (OCLC)
6 0174015894
a leskn 11316
b lesknBOD9082
o [DE] <BD>
q Kniha do skladu.
Holdings
Stav vyradenia Strata Poškodenie Spôsob nadobudnutia Domovská knižnica Aktuálna knižnica Dátum nadobudnutia Total checkouts Čiarový kód exemplára Date last seen Typ exemplára
      Dar Obecná knižnica Horná Štubňa Obecná knižnica Horná Štubňa 30.01.2026   9788022007122 30.01.2026 Krásna literatúra pre dospelých
Projekt je podporený Slovenskou asociáciou knižníc
Prevádzkuje Turčianska knižnica Martin 2026